| 000 | 00735nam a2200289 a 4500 | ||
|---|---|---|---|
| 003 | AR-BaBNM | ||
| 005 | 20251128204230.0 | ||
| 008 | 082120s2002 ||||||||||||||000 | spa|| | ||
| 020 | _a84-8032-008-7 | ||
| 040 | _cAR-BaBNM | ||
| 100 | 1 | _aMateo, Ramón Martín | |
| 245 | 0 | 0 |
_aEl hombre _buna especie en peligro |
| 260 |
_aMadrid _bCampomanes Libros _c1993 |
||
| 300 | _a150 p. | ||
| 650 | 4 | _aESPECIE HUMANA | |
| 650 | 4 | _aBIOLOGIA MOLECULAR | |
| 650 | 4 | _aGENETICA HUMANA | |
| 650 | 4 | _aFUSION NUCLEAR | |
| 650 | 4 | _aCIENCIAS AMBIENTALES | |
| 650 | 4 | _aCIENCIAS SOCIALES | |
| 650 | 4 | _aETICA | |
| 650 | 4 | _aECONOMIA | |
| 650 | 4 | _aPOLITICA AMBIENTAL | |
| 650 | 4 | _aDISTRIBUCION DE INGRESOS | |
| 942 | _cBK | ||
| 998 | _cCarmen | ||
| 999 |
_c6641 _d6641 |
||